Statistics for Famous People Born in November

Click here to take the quiz!

General Stats

  • This quiz has been taken 75 times
  • The average score is 23 of 76

Answer Stats

Answer% Correct
Owen Wilson
65%
Whoopi Goldberg
65%
Ben Stiller
58%
Cookie Monster
58%
David Schwimmer
58%
Danny DeVito
55%
Emma Stone
55%
Mark Twain
55%
Laura Bush
53%
Jimi Hendrix
50%
Jimmy Kimmel
50%
Joe Biden
50%
Meg Ryan
50%
Tina Turner
50%
Bill Nye
48%
Larry King
48%
Ryan Gosling
48%
Jamie Lee Curtis
45%
Jodie Foster
45%
Roseanne Barr
45%
Anne Hathaway
43%
Demi Moore
43%
Miley Cyrus
43%
Matthew McConaughey
40%
Bryan Adams
38%
Gordon Ramsay
35%
Jon Stewart
35%
Rodney Dangerfield
35%
Howie Mandel
33%
Sally Field
33%
Allison Janney
30%
Christina Applegate
30%
Doris Roberts
30%
Warren G. Harding
30%
Billy Graham
28%
Brittany Murphy
28%
Franklin Pierce
28%
Gerard Butler
28%
Anna Faris
25%
Ed Asner
25%
Ed Harris
25%
Jonathan Harris
25%
Kathy Griffin
25%
Mandy Patinkin
25%
Scarlett Johansson
25%
Charles Schulz
23%
Kaley Cuoco
23%
Lyle Lovett
23%
Marg Helgenberger
23%
Martin Scorsese
23%
Stanley Tucci
23%
Billy Connolly
20%
Harold Ramis
20%
James A. Garfield
20%
Robert Goulet
20%
Zachary Taylor
20%
James K. Polk
18%
Patrick Warburton
18%
Richard Kind
18%
Wallace Shawn
18%
Christopher Knight
15%
Jim Cummings
15%
Marcia Wallace
15%
Elizabeth Perkins
13%
Garry Marshall
13%
Jonathan Winters
13%
Randy Newman
13%
Garry Shandling
10%
Auli'i Cravalho
8%
Bill Farmer
8%
Rodger Bumpass
8%
Carlin Isles
5%
David Newell
5%
Peter Ostrum
5%
Robert Guillaume
5%
Eric Dane
3%

Score Distribution

Percentile by Number Answered

Percent of People with Each Score

Your Score History

You have not taken this quiz